Learning Resource and Development

Building construction (Record no. 25784)

MARC details
000 -LEADER
fixed length control field 00886nam a22002657a 4500
005 - DATE AND TIME OF LATEST TRANSACTION
control field 20230624161525.0
008 - FIXED-LENGTH DATA ELEMENTS--GENERAL INFORMATION
fixed length control field 190405t xxu||||| |||| 00| 0 eng d
040 ## - CATALOGING SOURCE
Transcribing agency CSPC
082 0# - DEWEY DECIMAL CLASSIFICATION NUMBER
Classification number 728.37
Item number L962b
100 ## - MAIN ENTRY--PERSONAL NAME
Personal name Lubrica, Jose B.,
Relator term author.
245 00 - TITLE STATEMENT
Title Building construction
Remainder of title house wiring, house plumbing and estimating/
Statement of responsibility, etc. Jose B. Lubrica
260 ## - PUBLICATION, DISTRIBUTION, ETC.
Place of publication, distribution, etc. Quezon City:
Name of publisher, distributor, etc. Manlapaz Publishing Co.,
Date of publication, distribution, etc. 1966.
300 ## - PHYSICAL DESCRIPTION
Extent 304 pages:
Other physical details figures;
Dimensions 25 cm.
336 ## - CONTENT TYPE
Source rdacontent
Content type term text
337 ## - MEDIA TYPE
Source rdamedia
Media type term unmediated
338 ## - CARRIER TYPE
Source rdacarrier
Carrier type term volume
500 ## - GENERAL NOTE
General note Includes Index,
504 ## - BIBLIOGRAPHY, ETC. NOTE
Bibliography, etc. note Includes Bibliography page (299).
650 10 - SUBJECT ADDED ENTRY--TOPICAL TERM
Topical term or geographic name entry element House construction.
650 10 - SUBJECT ADDED ENTRY--TOPICAL TERM
Topical term or geographic name entry element Dwellings
General subdivision Design and construction.
940 ## - EQUIVALENCE OR CROSS-REFERENCE--UNIFORM TITLE [OBSOLETE] [CAN/MARC only]
Uniform title <a href="Lenie">Lenie</a>
942 ## - ADDED ENTRY ELEMENTS (KOHA)
Koha item type
-- FIL 728.37 L962b 1966
Holdings
Withdrawn status Lost status Damaged status Not for loan Home library Current library Shelving location Date acquired Total Checkouts Full call number Barcode Date last seen Copy number Price effective from Koha item type
        Main Library Main Library   06/24/2023   FIL 728.37 L962b 1966 020109 06/24/2023 1-1 06/24/2023 Books